| 000 | 00933nam a2200205 i 4500 | ||
|---|---|---|---|
| 001 | 181203 | ||
| 003 | ES-MaACL | ||
| 005 | 20230906221311.0 | ||
| 008 | 121031s1916 sp |||| | spa d | ||
| 100 | 1 |
_aLecha-Marzo, Antonio. _971063 |
|
| 245 | 1 | 4 |
_aLos dibujos papilares de la palma de la mano como medio de investigación / _cpor Antonio Lecha Marzo. |
| 260 |
_aMadrid : _bJunta para Ampliación de Estudios é Investigaciones Científicas, _c1916. |
||
| 300 |
_aP. [31]-68, 4 h. de lám. ; _c23 cm. |
||
| 490 | 1 |
_aAnales de la Junta para ampliación de Estudios e Investigaciones Científicas ; _vt. 16, memoria 2 |
|
| 650 | 4 |
_aDactiloscopia. _9151776 |
|
| 710 | 2 |
_aJunta para la Ampliación de Estudios e Investigaciones Científicas. _95413 |
|
| 830 | 0 |
_aAnales de la Junta para ampliación de Estudios e Investigaciones Científicas ; _vt. 16, memoria 2 _9186710 |
|
| 852 |
_aES-MaACL _jB-13172(2) |
||
| 999 |
_c181203 _d181203 |
||